Тепловые установки и системы: учебник

Detaylı Bibliyografya
Yazar: Крайнов А. В. Александр Валерьевич
Müşterek Yazar: Национальный исследовательский Томский политехнический университет (ТПУ) Энергетический институт (ЭНИН) Кафедра теоретической и промышленной теплотехники (ТПТ)
Diğer Yazarlar: Швалова Г. В. Галина Васильевна
Özet:Заглавие с титульного экрана
Текст на английском языке
Книга содержит основные теоретические сведения, описания современных лабораторных установок, сформулированы задания и вопросы для аудиторной и самостоятельной работы студентов и представлен комплекс контрольно-измерительных материалов для оценки их знаний. Реализована комбинация отечественных и зарубежных технологий преподавания в высшей школе. Предназначено для студентов энергетических специальностей. Комплексность изложения позволяет использовать учебное пособие в рамках совместных международных образовательных программ, в системе элитного технического образования и повышения квалификации или самостоятельно.
Режим доступа: из корпоративной сети ТПУ
Dil:İngilizce
Baskı/Yayın Bilgisi: Томск, Изд-во ТПУ, 2012
Konular:
Online Erişim:http://www.lib.tpu.ru/fulltext2/m/2012/m412.pdf
Materyal Türü: Elektronik Kitap
KOHA link:https://koha.lib.tpu.ru/cgi-bin/koha/opac-detail.pl?biblionumber=228019

MARC

LEADER 00000nlm0a2200000 4500
001 228019
005 20231101230838.0
035 |a (RuTPU)RU\TPU\book\248469 
090 |a 228019 
100 |a 20121213d2012 m y0rusy50 ca 
101 0 |a eng 
102 |a RU 
105 |a a j 001zy 
135 |a drcn ---uucaa 
181 0 |a i  
182 0 |a b 
200 1 |a Тепловые установки и системы  |b Электронный ресурс  |d Heating Plants and Systems. Course book  |e учебник  |f А. В. Крайнов, Г. В. Швалова  |g Национальный исследовательский Томский политехнический университет (ТПУ), Энергетический институт (ЭНИН), Кафедра теоретической и промышленной теплотехники (ТПТ) 
203 |a Текст  |c электронный 
210 |a Томск  |c Изд-во ТПУ  |d 2012 
230 |a 1 компьютерный файл (pdf; 2.9 MB) 
300 |a Заглавие с титульного экрана 
300 |a Текст на английском языке 
330 |a Книга содержит основные теоретические сведения, описания современных лабораторных установок, сформулированы задания и вопросы для аудиторной и самостоятельной работы студентов и представлен комплекс контрольно-измерительных материалов для оценки их знаний. Реализована комбинация отечественных и зарубежных технологий преподавания в высшей школе. Предназначено для студентов энергетических специальностей. Комплексность изложения позволяет использовать учебное пособие в рамках совместных международных образовательных программ, в системе элитного технического образования и повышения квалификации или самостоятельно. 
333 |a Режим доступа: из корпоративной сети ТПУ 
337 |a Adobe Reader 
452 1 |0 (RuTPU)RU\TPU\book\249565  |t Тепловые установки и системы  |o учебник для вузов  |l Heating Plants and Systems. Cours book  |o учебник для вузов  |f А. В. Крайнов, Г. В. Швалова  |g Национальный исследовательский Томский политехнический университет (ТПУ)  |c Томск  |n Изд-во ТПУ  |d 2012  |p 114 с.  |a Крайнов, Александр Валерьевич 
510 1 |a Heating Plants and Systems. Course book  |z eng 
606 1 |a Теплоэнергетические устройства  |2 stltpush  |3 (RuTPU)RU\TPU\subj\59831  |9 77328 
606 1 |a Английский язык  |x Учебные руководства и пособия  |2 stltpush  |3 (RuTPU)RU\TPU\subj\29069  |9 52481 
610 1 |a электронный ресурс 
610 1 |a труды учёных ТПУ 
610 1 |a учебники 
610 1 |a тепловые установки 
610 1 |a лабораторные установки 
610 1 |a теплотехнические установки 
610 1 |a теплотехнические системы 
610 1 |a теплотехника 
610 1 |a теплотехнические эксперименты 
610 1 |a теплотехнические приборы 
610 1 |a теплотехнические процессы 
610 1 |a теплотехнические расчеты 
610 1 |a английский язык 
675 |a 621.1.002.5(075.8)  |v 3 
686 |a Ш143.21-923  |v LBC/SL-A  |2 rubbk 
700 1 |a Крайнов  |b А. В.  |c специалист в области теплотехники  |c доцент Томского политехнического университета, кандидат физико-математических наук  |f 1974-  |g Александр Валерьевич  |2 stltpush  |3 (RuTPU)RU\TPU\pers\26016 
701 1 |a Швалова  |b Г. В.  |c лингвист  |c старший преподаватель Томского политехнического университета  |g Галина Васильевна  |2 stltpush  |3 (RuTPU)RU\TPU\pers\26958 
712 0 2 |a Национальный исследовательский Томский политехнический университет (ТПУ)  |b Энергетический институт (ЭНИН)  |b Кафедра теоретической и промышленной теплотехники (ТПТ)  |h 117  |2 stltpush  |3 (RuTPU)RU\TPU\col\18679 
801 1 |a RU  |b 63413507  |c 20121213 
801 2 |a RU  |b 63413507  |c 20140110  |g RCR 
856 4 |u http://www.lib.tpu.ru/fulltext2/m/2012/m412.pdf 
900 |a Тепло- и парогенерирующие установки и аппараты 
942 |c CF